| 000 | 00824cam a2200217 4500 | ||
|---|---|---|---|
| 001 | WB3801-06 | ||
| 008 | 020110n2002 000 0 eng u | ||
| 035 | _a(Sirsi) u116229 | ||
| 245 | _aHousebuilding: November 2001 | ||
| 260 | _c2002 | ||
| 490 |
_aDTLR News Release _v10 January 2002, (2) |
||
| 520 | _aIn November 2001 it is provisionally estimated that 14,300 dwellings were started in Great Britain. This compares with 12,100 in November 2000. However, completions were down from 14,900 in 2000 to 14,200 in 2001. For details of DTLR housing statistics visit: http://www.housing.dtlr.gov.uk/research/hss/index.htm | ||
| 590 | _aWB | ||
| 650 | _aSTATISTICS | ||
| 650 | _aHOUSING | ||
| 650 | _aHOUSE BUILDING | ||
| 650 | _aNEW STARTS | ||
| 650 | _aCOMPLETIONS | ||
| 690 | _aBUILT ENVIRONMENT | ||
| 942 | _n0 | ||
| 999 |
_c69248 _d69248 |
||